Автоматизированное устройство для обработки информации, поступающей с радиометра: Итоговый отчет о НИР; Тема: 1-4/80

Bibliografiske detaljer
Institution som forfatter: Томский политехнический институт (ТПИ) (595)
Andre forfattere: Савельев Б. А. (руководитель), Ключанцев В. И. (исполнитель)
Sprog:russisk
Udgivet: Томск, 1980
Fag:
Format: MixedMaterials Bog
KOHA link:https://koha.lib.tpu.ru/cgi-bin/koha/opac-detail.pl?biblionumber=159877

MARC

LEADER 00000nbm0a2200000 4500
001 159877
005 20231031155401.0
029 0 0 |a SU  |b 80052917  |f ТПУ 
035 |a (RuTPU)RU\TPU\book\173393 
090 |a 159877 
100 |a 20090515d1980 k y0rusy50 ca 
101 0 |a rus 
102 |a RU 
105 |a a p 000zy 
200 1 |a Автоматизированное устройство для обработки информации, поступающей с радиометра  |e Итоговый отчет о НИР  |e Тема: 1-4/80  |f Томский политехнический институт (ТПИ) ; руководитель Б. А. Савельев ; В. И. Ключанцев 
210 |a Томск  |d 1980 
215 |a 12 л. 
610 1 |a отчеты о НИР 
610 1 |a приборы 
610 1 |a назначение 
610 1 |a технические данные 
610 1 |a описание 
610 1 |a инструкции 
610 1 |a применение 
675 |a 539.1.07(04)  |v 3 
702 1 |a Савельев  |b Б. А.  |4 673 
702 1 |a Ключанцев  |b В. И.  |4 677 
712 0 2 |a Томский политехнический институт (ТПИ)  |c (1944-1991)  |2 stltpush  |3 (RuTPU)RU\TPU\col\1123  |4 595 
801 1 |a RU  |b 63413507  |c 20090515  |g PSBO 
942 |c BK